=LDR 00000nam 2200000 4500 =001 INLIS000000000001993 =005 20130612090352 =008 ***********************************Ind** =035 ##$$0010-061300000001993 =041 ##$$a Ind =082 ##$$a 700.595 249 1 =090 ##$$a 700.598 249 1, Ari m =100 ##$$a Aris, Sudibyo =245 ##$$a Mengenal kesenian tradisional daerah Blambangan di Banyuwangi, bacaan populer SMTP, Sudibyo Aris =260 ##$$a 1983 $b JAkarta =300 ##$$a 47 hlm, ilus, 21 cm =650 ##$$a Kesenian - Banyuwangi =850 ##$$a NBPNMAT